Documenting discrimination against migrant workers in the labour market a comparative study of four European countries

Bibliographic Details
Corporate Author: Medzinárodná organizácia práce (Author)
Other Authors: Zegers de Beijl, Roger (upr)
Format: Book
Language:English
PhysicalDescription:x, 113 s. tab. 24 cm
Published: Geneva International Labour Office c2000
ISBN:9221113876
Subjects:

MARC

LEADER 00000nam a2200000 a 4500
001 vtls001413963
003 SK-MaSNL
005 20260302001504.0
008 251124s2000 CH ap r y 0 eng
020 |a 9221113876  |c [565,00] 
035 |a SNK000368689 
040 |a SNK  |b slo  |c SNK  |e AACR2 
044 |a CH 
080 |a 331.1:325(4)  |2 1981 
080 |a 325(4):331.1  |2 1981 
110 0 |a Medzinárodná organizácia práce  |4 aut  |9 18131 
245 1 |a Documenting discrimination against migrant workers in the labour market  |b a comparative study of four European countries  |c edited by Roger Zegers de Beijl 
260 |a Geneva  |b International Labour Office  |c c2000 
300 |a x, 113 s.  |b tab.  |c 24 cm 
650 0 7 |a emigranti sociálni  |x zamestnanie  |x diskriminácia  |x materiály MOP  |2 SNK  |9 637486 
700 1 |a Zegers de Beijl, Roger  |4 upr  |9 637487 
919 |a 92-2-111387-6 
999 |c 984064  |d 985994 
952 |t P60, <04>, [BOOK], {604}  |a SNK  |b SNK  |y VYP  |7 0  |p 17A0302106  |o snkIC 129455  |i snkV 789/2001  |0 0  |1 0  |4 0  |d 2001-06-14  |l 0  |r 2005-01-02 00:00:00  |w 2026-02-24